000
00303nam a2200109Ia 4500
008
220204s9999 xx 000 0 und d
082
_a
NR:31(035)1993
_b
HAN;1
245
0
_a
Handbook of rubber statistics
250
_a
Ed.3
260
_a
Bombay
_b
All India Rubber Industries Association
_c
1993
942
_c
REF
999
_c
40829
_d
40829